| 000 | 00512nam a22001817a 4500 | ||
|---|---|---|---|
| 003 | CEME | ||
| 005 | 20210628203619.0 | ||
| 008 | 210316b xxu||||| |||| 00| 0 eng d | ||
| 020 | _a0-471-85685-1 | ||
| 040 | _c. | ||
| 082 | _a531.11 MOO,C | ||
| 100 |
_aMorn, F. C _966549 |
||
| 245 | _aCheotic vibrations , an introdyction for applied scientists and engineers | ||
| 260 |
_aNEWYORK _bJOHN WILEY _c1987 |
||
| 300 | _a309P | ||
| 650 |
_aDYNAMICS CHARTIC BEHAVIOR IN SYSTEM FRACTALS _966550 |
||
| 942 |
_cBK _2ddc |
||
| 999 |
_c574509 _d574509 |
||